Bookkeeping course 21 - 24 May 2005 : (Record no. 127)
[ view plain ]
| 000 -LEADER | |
|---|---|
| fixed length control field | 00430nam a22001457a 4500 |
| 005 - DATE AND TIME OF INPUT | |
| control field | 20231030083345.0 |
| 008 - DATA ELEMENTS--GENERAL INFORMATION | |
| fixed length control field | 231030b |||||||| |||| 00| 0 eng d |
| 041 ## - LANGUAGE CODE | |
| Language code of text | English |
| 082 ## - SHELF NUMBER | |
| DDC number | 657 BOK |
| 100 ## - MAIN AUTHOR | |
| Main author's name | De Kock AAB |
| Language of a work | English |
| 245 ## - TITLE STATEMENT | |
| Title | Bookkeeping course 21 - 24 May 2005 : |
| Sub-title | Candidate legal practitioners / |
| Statement of responsibility, etc. | AAB De Kock |
| 260 ## - PUBLICATION, DISTRIBUTION, ETC. | |
| Date of publication, distribution, etc. | 2005 |
| 650 ## - SUBJECT` | |
| Broad subject | legal practice |
| Own subject terms | Law |
| 942 ## - ADDED ENTRY ELEMENTS (KOHA) | |
| Item type | Books |
| 942 ## - ADDED ENTRY ELEMENTS (KOHA) | |
| -- | ALISON_BN_VRIES |
| Source of classification or shelving scheme | Not for loan | Collection code | Home library | Current library | Shelving location | Date acquired | Full call number | Barcode | Price effective from | Koha item type |
|---|---|---|---|---|---|---|---|---|---|---|
| Dewey Decimal Classification | TEXT BOOKS | LAW SOCIETY OF NAMIBIA LIBRARY - WINDHOEK | LAW SOCIETY OF NAMIBIA LIBRARY - WINDHOEK | Evidence law | 10/30/2023 | 657 BOK | LSN/2009/108 | 10/30/2023 | Books |
